000
002970000a22001330004500
003
MACL
040
_a
MACL
090
_c
33330
_d
33328
100
_a
BP B Publications
245
_a
XHTML complete
260
_b
BP B Publications
_c
2002
650
_a
Computer probraming
942
_c
BOOK
_k
005.133/Bpb
999
_c
32980
_d
32980